00625nam a2200205Ia 4500003000900000008004100009040001300050040001300063041000800076100002400084245004000108250003300148260002100181260000900202300001100211300001200222490003300234490000600267600014600273IT-RoPAU120407s9999 xx 000 0 und d aIT-RoPAU cIT-RoPAU aita aColman E. O’Neill aIncontro con Cristo nei sacramenti aAssisi - Città di Castello aCittadella - Ste c1968 a326 p. c21,5 cm a“Sulle vie del concilio” v1 a"Tit. orig.. Meeting Crist in the sacraments. Trad, Benedettine di Rosano. 1 - Sacramenti - ed. inglese: 265 4"